Vývoj mien krajín V4 (CZK, PLZ, HUF) bakalárska práca

Na minha lista:
Detalhes bibliográficos
Autor principal: Polkoráb, Juraj
Autor Corporativo: Fakulta podnikového manažmentu EU. Katedra podnikových financií
Outros Autores: Bikár, Miloš, 1973-
Formato: Livro
Idioma:eslovaco
Publicado em: Bratislava 2016
Tags: Adicionar Tag
Sem tags, seja o primeiro a adicionar uma tag!

MARC

LEADER 00000nbm a2200000 4500
001 0221518
005 20170308110601.2
041 0 |a slo 
044 |a SK 
245 1 0 |a Vývoj mien krajín V4 (CZK, PLZ, HUF)  |b bakalárska práca  |c Juraj Polkoráb ; školiteľ: Miloš Bikár 
264 1 |a Bratislava  |c 2016 
300 |a 57 s. 
100 1 |a Polkoráb, Juraj 
700 1 |a Bikár, Miloš, 1973- 
710 2 |a Fakulta podnikového manažmentu EU. Katedra podnikových financií